000 01350nam a2200349 c 4500
003 BLK
005 20250425095002.0
008 180412b bul|||||r ||||||| ||bul||
010 _aKNG00016674000
020 _a978-954-9415-57-5
_bиздат.: Водолей
040 _aBLK
041 _aBUL
_cBUL
072 7 _2bullib
_aН84
_xБългарска художествена литература Н
080 _aБългарска литература
_b821.163.2
_x-311.6
_z821.163.2-311.6
100 1 _aХристозов, Петър
_eпърви автор
_9251078
700 1 _aВълчев, Христо Димитров
_9258741
139 _aХристозов, Петър
_bХ 82
245 1 0 _aОня от Шесто
_bПолит. роман
_cПетър Христозов; Христо Димитров Вълчев.
257 _aBGR
260 София
_bВодолей
_c2010
300 _a136 с.
_c20 см
380 _aX
500 _aПетър Христозов - псевд. на Христо Вълчев. - Офс. изд.
653 _aполитически романи
659 _aН
852 _aЦб 251225
856 4 _qpdf
_u
856 4 _qpdf
_u
942 _cKNG
_n0
_013
944 _aCR
_c17.03.2011
_lЦветелина Шанова
_k30531
944 _aED
_c26.04.2011
_lф /
_k
999 _c14935
_d14935